000 00844nam a22003137a 4500
001 BR0501391
003 BR-BrBNA
005 20230928101841.0
007 ta
008 230509b bl.||||| |||| 00| 0 por d
040 _aBR-BrBNA
_bpor
_cBiblioteca Nacional de Agricultura
041 _a(Por)
072 _aK10; E14
_b8901
090 _ 8901 BR0501391
100 1 _aSmeraldi, R.
245 1 _aLegalidade predatória; o novo quadro da exploração madeireira na Amazônia
260 3 _aSão Paulo, SP (Brasil):
_c2002.
300 _a24 p.
650 _aFLORESTA
650 _aMADEIRA
650 _aEXPLORAÇÃO FLORESTAL
650 _aPOLÍTICA FLORESTAL
650 _aDESMATAMENTO
650 _aMERCADO
650 _aRECONHECIMENTO FLORESTAL
650 _aAMAZÔNIA
909 _a202309
_bLucia
_c55
_dLucia Elande
942 _cBK
999 _c67887
_d67887